00444 2200169 4500001002100000005001500021008004100036020002200077035001900099041000700118082001000125090001600135100002400151245005000175260002900225300002000254INLIS00000000003218820241224133353241224||||||||| | ||| |||| || |  a978-602-241-231-1 0010-1224032188 aid0 a372.5 a372.5 TIM p0 aTIM BINA KARYA GURU00aPLBJ Pendidikan Lingkungan dan Budaya Jakarta aJakartabErlangga.c2016 a25cm-120halaman